000 005000000a22001930004500
001 002593
003 MACL
005 20151003130449.0
008 151003b xxu||||| |||| 00| 0 eng d
040 _aMACL
_cMACL
041 _aEnglish
082 _a900.016/ADA
100 _aMenon, Meena
_913407
245 _aOne Hundred Years One Hundred Voices
_b: an Oral History
_cMeena Menon
260 _aCalcutta
_c2004
_bSeagull Books,
350 _a695
650 _aHistory
_913408
942 _k900
_cBK
_2ddc
999 _c14502
_d14502